| 000 | 01829nam 22002653 4500 | ||
|---|---|---|---|
| 001 | 198939 | ||
| 010 | _a978-989-8917-69-0 | ||
| 021 |
_aPT _b450262/18 |
||
| 090 | _a198939 | ||
| 100 | _a20230419d u||y0pory50 ba | ||
| 101 | _apor | ||
| 102 | _aPT | ||
| 200 |
_aA ilusão de Merit _fColleen Hoover _gtradução Susana Serrão |
||
| 205 | _a1ª | ||
| 210 |
_aAmadora _cTopseller _d2019 |
||
| 215 |
_a314 p. _cBrochado _d23 cm |
||
| 300 | _aPrémio Goodreads para melhor Romance | ||
| 330 | _aCom uma vida cheia de obstáculos, Beyah só pode contar consigo própria para alcançar um futuro melhor. Mas a poucos meses de concretizar os seus planos e deixar para trás um passado que preferia esquecer, um acontecimento inesperado obriga-a a seguir um novo rumo e procurar a única saída possível. É assim que, de um momento para o outro, se vê na Península Bolivar, no Texas, a passar os meses de verão com o pai, que mal conhece, decidida a deixar avançar os dias sem levantar grandes ondas. Tudo muda quando conhece Samson, o vizinho da casa ao lado, que exerce sobre ela um estranho fascínio, apesar de nada terem em comum, pois ela vem de uma vida de pobreza e negligência e ele de uma família rica e privilegiada. no entanto, a convivência fá-los perceber que, apesar das suas diferenças, há uma tristeza inerente que os une e atrai. É inegável que a ligação entre eles é intensa, mas os dois já traçaram o seu rumo e não querem perder o pé numa relação sem futuro. Só não estavam à espera de que a corrente pudesse arrastá-los para um mar profundo de emoções. | ||
| 606 |
_916 _aLiteratura Americana |
||
| 675 |
_a821.111(73)-3 _vPT _zpor |
||
| 700 |
_9918 _aHoover _bCollen _f1979- |
||
| 702 |
_98679 _aSerrão _bSusana |
||
| 801 |
_aPT _bBMMN _gRPC |
||
| 830 |
_cAna _fAna |
||
| 990 | _cLIVROS | ||